The amercian heritage : (Record no. 283310)
[ view plain ]
| 000 -LEADER | |
|---|---|
| fixed length control field | 00497nam a2200157Ia 4500 |
| 008 - FIXED-LENGTH DATA ELEMENTS--GENERAL INFORMATION | |
| fixed length control field | 150223s9999 xx 000 0 und d |
| 020 ## - INTERNATIONAL STANDARD BOOK NUMBER | |
| International Standard Book Number | 9780547385648 |
| 050 ## - LIBRARY OF CONGRESS CALL NUMBER | |
| Classification number | PE1591 |
| Item number | .A53 2011 |
| 100 ## - MAIN ENTRY--PERSONAL NAME | |
| Personal name | Nichols, Bruce et. al. |
| 245 #4 - TITLE STATEMENT | |
| Title | The amercian heritage : |
| Remainder of title | essential students thesaurus / |
| Statement of responsibility, etc | Bruce Nichols et. al. |
| 250 ## - EDITION STATEMENT | |
| Edition statement | 3rd Ed. |
| 260 ## - PUBLICATION, DISTRIBUTION, ETC. (IMPRINT) | |
| Place of publication, distribution, etc | USA |
| Name of publisher, distributor, etc | Houghton Mifflin Harcourt Publishing Company, |
| Date of publication, distribution, etc | 2011 |
| 300 ## - PHYSICAL DESCRIPTION | |
| Other physical details | Colored ; |
| Dimensions | 25 cm. |
| 504 ## - BIBLIOGRAPHY, ETC. NOTE | |
| Bibliography, etc | Includes Index. |
| 650 ## - SUBJECT ADDED ENTRY--TOPICAL TERM | |
| Topical term or geographic name as entry element | Thesaurus |
No items available.